000 00279nam a2200085Ia 4500
008 220120s9999||||xx |||||||||||||| ||und||
100 _aRoopa M and Shaheer Vaqhas
_912193
245 0 _aData acquisition system using GSM modem
260 _aCoorg Institute of Technology
_bPonnampet
_c2009
999 _c137779
_d137779